000 nam a22 7a 4500
999 _c29617
_d29617
008 180426b xxu||||| |||| 00| 0 eng d
020 _a9781256276272
050 _aQA 107.2 .B58 2012
100 _aBitttinger, Marvin L.
245 _aDevelopmental mathematics :
_bcollege mathematics and introductory algebra /
_cMarvin L. Bittinger and Judith A Beecher.
250 _a8th ed.
260 _aBoston :
_bPearson,
_c2012.
300 _axxiii, 1256p. :
_bill. ;
_c28cm.
500 _aInclude index.
650 _aAlgebra.
650 _aArithmetic.
700 _aBeecher, Judith A.
942 _2lcc
_cBOOKS
_hQA 107.2 .B58 2012